[Event "2. Bundesliga Ost 2008/2009"]
[Site "3-5.10.Bruck,22-23.11.Poechlarn,17-18.1.Wr.Neust,28
[Date "2008.10.05"]
[Round "3"]
[Board "5"]
[White "Vitouch, Anatol"]
[Black "Wagner, Stefan"]
[Result "0-1"]
[WhiteElo "2230"]
[BlackElo "2133"]
[PlyCount "80"]
[EventDate "2008.10.03"]
[EventType "team"]
[EventRounds "11"]
[EventCountry "AUT"]
[WhiteTeam "ASVOE Pamhagen"]
[BlackTeam "SK Zwettl"]

1.Nf3 Nf6 2.g3 g6 3.b4 Bg7 4.Bb2 O-O 5.Bg2 d5 6.O-O c6 7.d3 Nbd7 8.Nbd2 Qb6 9.a3
a5 10.Rb1 Re8 11.c4 e5 12.Qc2 axb4 13.axb4 Qxb4 14.cxd5 Nxd5 15.Bxe5 Qf8 16.Bxg7
Qxg7 17.Rfe1 Nc3 18.Rb3 Nb5 19.Nc4 Ra1 20.Rxb5 cxb5 21.Nd6 Ne5 22.Nxe8 Nxf3+
23.Bxf3 Rxe1+ 24.Kg2 Bh3+ 25.Kxh3 Qe5 26.Nc7 Rg1 27.d4 Qxd4 28.Nd5 h5 29.Qe4
Qxe4 30.Bxe4 Kg7 31.Nb4 g5 32.f3 Kf6 33.Bxb7 Kg6 34.Nd3 f5 35.f4 g4+ 36.Kh4 b4
37.Bd5 b3 38.e4 Rd1 39.exf5+ Kxf5 40.Nf2 Rxd5

[Event "2. Bundesliga Ost 2008/2009"]
[Site "3-5.10.Bruck,22-23.11.Poechlarn,17-18.1.Wr.Neust,28
[Date "2008.10.05"]
[Round "3"]
[Board "6"]
[White "Lipp, Alfred"]
[Black "Kuthan, Andreas"]
[Result "0-1"]
[WhiteElo "2112"]
[BlackElo "2201"]
[PlyCount "76"]
[EventDate "2008.10.03"]
[EventType "team"]
[EventRounds "11"]
[EventCountry "AUT"]
[WhiteTeam "SK Zwettl"]
[BlackTeam "ASVOE Pamhagen"]

1.c4 Nf6 2.Nc3 g6 3.e4 d6 4.d4 Bg7 5.Nf3 O-O 6.Be2 e5 7.O-O Na6 8.Re1 c6 9.Rb1
exd4 10.Nxd4 Ng4 11.h3 Qb6 12.Bxg4 Bxg4 13.hxg4 Qxd4 14.Qe2 Nc5 15.Rd1 Qe5 16.g3
Qe6 17.b4 Nd7 18.Rb3 Ne5 19.c5 dxc5 20.bxc5 Nxg4 21.Na4 Rad8 22.Rxd8 Rxd8
23.Rxb7 Bd4 24.Rxa7 Nxf2 25.Be3 Bxe3 26.Qxe3 Qxa2 27.Qxf2 Rd1+ 28.Kg2 Rd2
29.Qxd2 Qxd2+ 30.Kf3 h5 31.Ra8+ Kg7 32.e5 g5 33.Ra7 Qd3+ 34.Kf2 g4 35.Re7 Qc2+
36.Ke3 Qxa4 37.e6 Qb3+ 38.Ke4 Qd5+

[Event "2. Bundesliga Ost 2008/2009"]
[Site "3-5.10.Bruck,22-23.11.Poechlarn,17-18.1.Wr.Neust,28
[Date "2008.10.05"]
[Round "3"]
[Board "1"]
[White "Loeffler, Stefan"]
[Black "Pinter, Erik"]
[Result "0-1"]
[WhiteElo "2411"]
[BlackElo "2415"]
[PlyCount "76"]
[EventDate "2008.10.03"]
[EventType "team"]
[EventRounds "11"]
[EventCountry "AUT"]
[WhiteTeam "SK Advisory Invest Baden"]
[BlackTeam "Blackburne Nickelsdorf"]

1.d4 Nf6 2.c4 g6 3.Nc3 d5 4.h4 c6 5.cxd5 cxd5 6.Bg5 Bg7 7.Qb3 Nc6 8.e3 e6 9.h5
h6 10.Bxf6 Qxf6 11.hxg6 Qxg6 12.Nge2 Qg5 13.Ng3 h5 14.Bd3 h4 15.Nge2 Bd7 16.Nb5
Rb8 17.Rc1 Bf8 18.Nf4 Rh6 19.Nc7+ Kd8 20.Nb5 a6 21.Na7 Bd6 22.Nh3 Qxg2 23.Kd2
Ke7 24.Qb6 Rhh8 25.a3 e5 26.dxe5 Nxe5 27.Nf4 Qxf2+ 28.Kc3 Be6 29.Nxe6 Nxd3
30.Kxd3 Qf5+ 31.Kd2 Qxe6 32.Rc7+ Bxc7 33.Qxc7+ Qd7 34.Qe5+ Qe6 35.Qc7+ Kf6
36.Rf1+ Kg7 37.Rg1+ Kh7 38.Qf4 Rbg8

[Event "2. Bundesliga Ost 2008/2009"]
[Site "3-5.10.Bruck,22-23.11.Poechlarn,17-18.1.Wr.Neust,28
[Date "2008.10.05"]
[Round "3"]
[Board "2"]
[White "Vlcek, Stanislav"]
[Black "Miniboeck, Guenter"]
[Result "1-0"]
[WhiteElo "2312"]
[BlackElo "2350"]
[PlyCount "61"]
[EventDate "2008.10.03"]
[EventType "team"]
[EventRounds "11"]
[EventCountry "AUT"]
[WhiteTeam "Blackburne Nickelsdorf"]
[BlackTeam "SK Advisory Invest Baden"]

1.c4 c5 2.Nc3 Nc6 3.g3 g6 4.Bg2 Bg7 5.Nf3 e5 6.a3 d6 7.O-O Nge7 8.b4 e4 9.Ne1 f5
10.Bb2 O-O 11.d3 exd3 12.Nxd3 Be6 13.Nd5 Bxb2 14.Nxb2 Qd7 15.Nd3 Ne5 16.N3f4
Bxd5 17.Nxd5 Rad8 18.Qd2 b6 19.f4 Nxd5 20.fxe5 Nc7 21.Rad1 Ne8 22.e4 fxe4
23.Qd5+ Kg7 24.Rxf8 Kxf8 25.Rf1+ Kg7 26.e6 Qc8 27.e7 Rd7 28.Rf7+ Kh8 29.Rf8+ Kg7
30.Qf7+ Kh6 31.Rh8

[Event "2. Bundesliga Ost 2008/2009"]
[Site "3-5.10.Bruck,22-23.11.Poechlarn,17-18.1.Wr.Neust,28
[Date "2008.10.05"]
[Round "3"]
[Board "3"]
[White "Brandner, Stefan"]
[Black "Koffler, Daniel"]
[Result "0-1"]
[WhiteElo "2296"]
[BlackElo "2250"]
[PlyCount "70"]
[EventDate "2008.10.03"]
[EventType "team"]
[EventRounds "11"]
[EventCountry "AUT"]
[WhiteTeam "SK Advisory Invest Baden"]
[BlackTeam "Blackburne Nickelsdorf"]

1.g3 g6 2.Bg2 Bg7 3.e4 c5 4.Ne2 Nc6 5.c3 e5 6.Na3 Nge7 7.O-O O-O 8.d3 d6 9.Be3
f5 10.f4 Rb8 11.d4 fxe4 12.d5 Nf5 13.Nc2 Ncd4 14.cxd4 Nxe3 15.Nxe3 exd4 16.Nc4
b5 17.Nd2 d3 18.Nxe4 dxe2 19.Qxe2 Re8 20.g4 Bb7 21.f5 Bd4+ 22.Kh1 Kg7 23.Qd2
Bxd5 24.f6+ Kh8 25.Ng5 Bxf6 26.Bxd5 Bxg5 27.Qc3+ Re5 28.Rf7 Bf6 29.Rf1 Bg7
30.Rxg7 Kxg7 31.Rf7+ Kh8 32.Qh3 h5 33.gxh5 Re1+ 34.Rf1 Rxf1+ 35.Qxf1 Qg5

[Event "2. Bundesliga Ost 2008/2009"]
[Site "3-5.10.Bruck,22-23.11.Poechlarn,17-18.1.Wr.Neust,28
[Date "2008.10.05"]
[Round "3"]
[Board "5"]
[White "Rudolf, Herbert"]
[Black "Bachofner, Christian"]
[Result "1/2-1/2"]
[WhiteElo "2137"]
[BlackElo "2110"]
[PlyCount "21"]
[EventDate "2008.10.03"]
[EventType "team"]
[EventRounds "11"]
[EventCountry "AUT"]
[WhiteTeam "SK Advisory Invest Baden"]
[BlackTeam "Blackburne Nickelsdorf"]

1.e4 c5 2.d4 cxd4 3.c3 d3 4.Bxd3 d6 5.c4 Nf6 6.Nc3 e6 7.Nf3 Be7 8.O-O Nc6 9.h3
O-O 10.Be3 a6 11.Rc1

[Event "2. Bundesliga Ost 2008/2009"]
[Site "3-5.10.Bruck,22-23.11.Poechlarn,17-18.1.Wr.Neust,28
[Date "2008.10.05"]
[Round "3"]
[Board "6"]
[White "Steinert, Martin"]
[Black "Geismann, Bernhard"]
[Result "0-1"]
[WhiteElo "2058"]
[BlackElo "2131"]
[PlyCount "22"]
[EventDate "2008.10.03"]
[EventType "team"]
[EventRounds "11"]
[EventCountry "AUT"]
[WhiteTeam "Blackburne Nickelsdorf"]
[BlackTeam "SK Advisory Invest Baden"]

1.d4 d5 2.c4 Nc6 3.Nf3 Bg4 4.e3 e5 5.dxe5 dxc4 6.Bd2 Nxe5 7.Bxc4 Bxf3 8.gxf3
Nxc4 9.Qa4+ Qd7 10.Qxc4 O-O-O 11.Nc3 Qxd2+

[Event "2. Bundesliga Ost 2008/2009"]
[Site "3-5.10.Bruck,22-23.11.Poechlarn,17-18.1.Wr.Neust,28
[Date "2008.11.22"]
[Round "4"]
[Board "1"]
[White "Varga, Zoltan"]
[Black "Zilka, Stepan"]
[Result "1/2-1/2"]
[WhiteElo "2494"]
[BlackElo "2471"]
[PlyCount "35"]
[EventDate "2008.10.03"]
[EventType "team"]
[EventRounds "11"]
[EventCountry "AUT"]
[WhiteTeam "ASVOE SK Lackenbach"]
[BlackTeam "Blackburne Nickelsdorf"]

1.e4 c5 2.Nf3 e6 3.d4 cxd4 4.Nxd4 Nc6 5.Nc3 Qc7 6.g3 d6 7.Bg2 Nxd4 8.Qxd4 Bd7
9.O-O Nf6 10.Bg5 Be7 11.Rad1 Bc6 12.Rfe1 h6 13.Bc1 O-O 14.b3 Rfd8 15.Bb2 b5
16.Qe3 Rac8 17.h3 a5 18.a3

[Event "2. Bundesliga Ost 2008/2009"]
[Site "3-5.10.Bruck,22-23.11.Poechlarn,17-18.1.Wr.Neust,28
[Date "2008.11.22"]
[Round "4"]
[Board "2"]
[White "Pinter, Erik"]
[Black "Papp, Gabor"]
[Result "1-0"]
[WhiteElo "2415"]
[BlackElo "2509"]
[PlyCount "101"]
[EventDate "2008.10.03"]
[EventType "team"]
[EventRounds "11"]
[EventCountry "AUT"]
[WhiteTeam "Blackburne Nickelsdorf"]
[BlackTeam "ASVOE SK Lackenbach"]

1.e4 c5 2.Nf3 d6 3.d4 cxd4 4.Nxd4 Nf6 5.Nc3 a6 6.Be2 e5 7.Nb3 Be7 8.Bg5 Nbd7
9.a4 O-O 10.O-O h6 11.Bh4 b6 12.Bc4 Bb7 13.Qe2 Qc7 14.Nd2 Rfc8 15.Bb3 Qd8
16.Rfd1 g5 17.Bg3 Qf8 18.f3 Nh5 19.Nf1 Nf4 20.Qd2 Nc5 21.Ne3 Rd8 22.Bd5 Rab8
23.Bxb7 Rxb7 24.Bf2 Qg7 25.Ncd5 Qg6 26.Nf5 Bf8 27.b4 Nce6 28.Bxb6 Rc8 29.a5 g4
30.fxg4 Rc4 31.g3 Ng5 32.Nh4 Nfh3+ 33.Kf1 Qe6 34.Kg2 Rxe4 35.Rf1 Bg7 36.Ne3 Rd7
37.c4 h5 38.gxh5 Bh6 39.Nhf5 Kh7 40.Rad1 Rxc4 41.Nxc4 Qxc4 42.Qd3 Qxb4 43.Nxh6+
Kxh6 44.Rxf7 e4 45.Rf6+ Kh7 46.Qf1 Qb2+ 47.Kh1 Qe5 48.Bd4 Qxa5 49.Rf8 Kh6
50.Rh8+ Nh7 51.Ra1

[Event "2. Bundesliga Ost 2008/2009"]
[Site "3-5.10.Bruck,22-23.11.Poechlarn,17-18.1.Wr.Neust,28
[Date "2008.11.22"]
[Round "4"]
[Board "3"]
[White "Krpelan, Wolfgang"]
[Black "Vlcek, Stanislav"]
[Result "1/2-1/2"]
[WhiteElo "2281"]
[BlackElo "2312"]
[PlyCount "47"]
[EventDate "2008.10.03"]
[EventType "team"]
[EventRounds "11"]
[EventCountry "AUT"]
[WhiteTeam "ASVOE SK Lackenbach"]
[BlackTeam "Blackburne Nickelsdorf"]

1.d4 Nf6 2.Nf3 g6 3.c3 Bg7 4.Bf4 d6 5.h3 O-O 6.e3 c5 7.dxc5 dxc5 8.Qxd8 Rxd8
9.Na3 Nc6 10.Ne5 Nd5 11.Nxc6 bxc6 12.O-O-O Be6 13.Bh2 Nb6 14.Ba6 Bxa2 15.Bb7 Bb3
16.Rde1 c4 17.Bxa8 Rxa8 18.Re2 Nd7 19.Bc7 Nc5 20.Ba5 Rb8 21.Kb1 Nd3 22.Nc2 Rb5
23.Bb4 c5 24.Ba3

[Event "2. Bundesliga Ost 2008/2009"]
[Site "3-5.10.Bruck,22-23.11.Poechlarn,17-18.1.Wr.Neust,28
[Date "2008.11.22"]
[Round "4"]
[Board "4"]
[White "Koffler, Daniel"]
[Black "Ranits, Franz"]
[Result "1/2-1/2"]
[WhiteElo "2250"]
[BlackElo "2217"]
[PlyCount "69"]
[EventDate "2008.10.03"]
[EventType "team"]
[EventRounds "11"]
[EventCountry "AUT"]
[WhiteTeam "Blackburne Nickelsdorf"]
[BlackTeam "ASVOE SK Lackenbach"]

1.e4 g6 2.d4 Bg7 3.Nc3 c6 4.Nf3 d5 5.h3 Nh6 6.Bd3 dxe4 7.Nxe4 Nf5 8.c3 Nd7 9.g4
Nd6 10.Nxd6+ exd6 11.Qe2+ Qe7 12.Qxe7+ Kxe7 13.Bf4 Rd8 14.O-O-O Nf6 15.Rde1+ Kf8
16.Re2 Nd5 17.Bg5 Bf6 18.Bd2 b5 19.Ng5 Kg7 20.f4 Bd7 21.Ne4 Be7 22.b3 Re8 23.c4
bxc4 24.bxc4 Nf6 25.Ng3 d5 26.c5 h6 27.f5 Nh7 28.h4 Bf6 29.Bxh6+ Kxh6 30.g5+ Kg7
31.gxf6+ Nxf6 32.Rg1 Rxe2 33.Nxe2 Rh8 34.fxg6 Rxh4 35.gxf7+

[Event "2. Bundesliga Ost 2008/2009"]
[Site "3-5.10.Bruck,22-23.11.Poechlarn,17-18.1.Wr.Neust,28
[Date "2008.11.22"]
[Round "4"]
[Board "5"]
[White "Stranz, Richard"]
[Black "Bachofner, Christian"]
[Result "0-1"]
[WhiteElo "2253"]
[BlackElo "2110"]
[PlyCount "62"]
[EventDate "2008.10.03"]
[EventType "team"]
[EventRounds "11"]
[EventCountry "AUT"]
[WhiteTeam "ASVOE SK Lackenbach"]
[BlackTeam "Blackburne Nickelsdorf"]

1.e4 c5 2.Nc3 d6 3.Nf3 Nf6 4.e5 dxe5 5.Nxe5 a6 6.a4 Nbd7 7.Nc4 e6 8.a5 b5 9.axb6
Nxb6 10.Nxb6 Qxb6 11.Be2 Bb7 12.O-O Bd6 13.b3 O-O 14.Bb2 Rfd8 15.Ra4 Qc7 16.Rh4
Be5 17.Bf3 Bxf3 18.Qxf3 Rab8 19.d3 Rb4 20.Qh3 h6 21.Nd1 Nd5 22.Re1 Bxb2 23.Nxb2
Rxh4 24.Qxh4 Qa5 25.Kf1 Rb8 26.Qg3 Rb4 27.Na4 Rd4 28.Re4 Rxe4 29.dxe4 Qd2 30.Qd3
Qc1+ 31.Ke2 Nf4+

[Event "2. Bundesliga Ost 2008/2009"]
[Site "3-5.10.Bruck,22-23.11.Poechlarn,17-18.1.Wr.Neust,28
[Date "2008.11.22"]
[Round "4"]
[Board "6"]
[White "Steinert, Martin"]
[Black "Galavics, Hermann"]
[Result "1/2-1/2"]
[WhiteElo "2058"]
[BlackElo "2017"]
[PlyCount "35"]
[EventDate "2008.10.03"]
[EventType "team"]
[EventRounds "11"]
[EventCountry "AUT"]
[WhiteTeam "Blackburne Nickelsdorf"]
[BlackTeam "ASVOE SK Lackenbach"]

1.d4 d5 2.c4 c6 3.Nc3 Nf6 4.e3 e6 5.Bd3 Nbd7 6.Nge2 dxc4 7.Bxc4 b5 8.Bd3 Bb7
9.O-O a6 10.e4 c5 11.e5 cxd4 12.exf6 dxc3 13.fxg7 Bxg7 14.Nxc3 Bxc3 15.bxc3 Ne5
16.Be2 Qxd1 17.Rxd1 Rg8 18.g3

[Event "2. Bundesliga Ost 2008/2009"]
[Site "3-5.10.Bruck,22-23.11.Poechlarn,17-18.1.Wr.Neust,28
[Date "2008.11.22"]
[Round "4"]
[Board "1"]
[White "Holemar, David"]
[Black "Lendwai, Reinhard"]
[Result "0-1"]
[WhiteElo "2326"]
[BlackElo "2418"]
[PlyCount "106"]
[EventDate "2008.10.03"]
[EventType "team"]
[EventRounds "11"]
[EventCountry "AUT"]
[WhiteTeam "SK Zwettl"]
[BlackTeam "SK Advisory Invest Baden"]

1.Nf3 c5 2.c3 Nf6 3.d4 b6 4.dxc5 bxc5 5.e4 e6 6.e5 Nd5 7.c4 Ne7 8.Bd3 Bb7 9.Bf4
Ng6 10.Bg3 Bxf3 11.Qxf3 Nc6 12.Qe4 Qb8 13.b3 Ncxe5 14.O-O f5 15.Qe3 Be7 16.Bxe5
Nxe5 17.Be2 Qc7 18.Nc3 a6 19.Bh5+ g6 20.Be2 O-O 21.Rad1 Rf7 22.Na4 g5 23.Rfe1 g4
24.Bf1 Ng6 25.g3 Rc8 26.Bg2 Bf6 27.Kh1 Kg7 28.Nc3 h5 29.Ne2 Be5 30.f4 Bf6 31.h4
gxh3 32.Bxh3 Rg8 33.Rd3 Kh6 34.Qf3 Ne7 35.Rg1 Nc6 36.Rg2 Nd4 37.Nxd4 cxd4 38.Rh2
h4 39.gxh4 Rfg7 40.Rg2 Rxg2 41.Bxg2 Rg4 42.Bh3 Rxh4 43.Qg3 Qxf4 44.Qxf4+ Rxf4
45.b4 Rf2 46.a4 Rc2 47.Bf1 Kg5 48.a5 Ra2 49.Rb3 e5 50.c5 e4 51.Bxa6 f4 52.Bc4
Ra1+ 53.Kg2 f3+

[Event "2. Bundesliga Ost 2008/2009"]
[Site "3-5.10.Bruck,22-23.11.Poechlarn,17-18.1.Wr.Neust,28
[Date "2008.11.22"]
[Round "4"]
[Board "2"]
[White "Brandner, Stefan"]
[Black "Vyskocil, Neklan"]
[Result "0-1"]
[WhiteElo "2296"]
[BlackElo "2315"]
[PlyCount "40"]
[EventDate "2008.10.03"]
[EventType "team"]
[EventRounds "11"]
[EventCountry "AUT"]
[WhiteTeam "SK Advisory Invest Baden"]
[BlackTeam "SK Zwettl"]

1.e4 c5 2.Nf3 d6 3.Bb5+ Nd7 4.c3 Ngf6 5.Qe2 a6 6.Ba4 e5 7.d4 Qc7 8.O-O Be7 9.b4
cxd4 10.cxd4 O-O 11.Bb2 d5 12.Nc3 exd4 13.Nxd5 Nxd5 14.exd5 Nf6 15.Nxd4 Bxb4
16.Rac1 Qa5 17.Bb3 Bd7 18.Qf3 Ba3 19.Bc3 Qd8 20.Rcd1 Bg4

[Event "2. Bundesliga Ost 2008/2009"]
[Site "3-5.10.Bruck,22-23.11.Poechlarn,17-18.1.Wr.Neust,28
[Date "2008.11.22"]
[Round "4"]
[Board "3"]
[White "Mlynek, Petr"]
[Black "Sulyok, Michael"]
[Result "1/2-1/2"]
[WhiteElo "2218"]
[BlackElo "2227"]
[PlyCount "92"]
[EventDate "2008.10.03"]
[EventType "team"]
[EventRounds "11"]
[EventCountry "AUT"]
[WhiteTeam "SK Zwettl"]
[BlackTeam "SK Advisory Invest Baden"]

1.d4 f5 2.Nf3 Nf6 3.g3 g6 4.Bg2 Bg7 5.O-O O-O 6.b3 d6 7.Bb2 Qe8 8.d5 Na6 9.c4
Bd7 10.Nc3 c6 11.Rc1 Rb8 12.Nd4 Nc7 13.Qd3 cxd5 14.Nxd5 Na6 15.Qb1 e5 16.Nc2 Bc6
17.Rcd1 Rd8 18.Nce3 Nc5 19.Nxf6+ Rxf6 20.Nd5 Rf7 21.e3 Qf8 22.b4 Na4 23.Ba1 e4
24.Qc2 Bxa1 25.Rxa1 Bxd5 26.cxd5 Nb6 27.Qb3 Rc7 28.Rfc1 Rdc8 29.Rxc7 Rxc7 30.Bf1
Qg7 31.Rd1 Rc3 32.Qb2 Qc7 33.Kg2 Nd7 34.a4 Ne5 35.b5 b6 36.h3 Qc5 37.Ra1 Qc7
38.Qb4 Rc5 39.a5 Kg7 40.axb6 axb6 41.Qb3 Kh6 42.Ra6 Rc1 43.Qb2 Nf3 44.Ra1 Rc3
45.Ra3 Rc1 46.Ra1 Rc3

[Event "2. Bundesliga Ost 2008/2009"]
[Site "3-5.10.Bruck,22-23.11.Poechlarn,17-18.1.Wr.Neust,28
[Date "2008.11.22"]
[Round "4"]
[Board "4"]
[White "Rudolf, Herbert"]
[Black "Wagner, Stefan"]
[Result "1/2-1/2"]
[WhiteElo "2137"]
[BlackElo "2133"]
[PlyCount "35"]
[EventDate "2008.10.03"]
[EventType "team"]
[EventRounds "11"]
[EventCountry "AUT"]
[WhiteTeam "SK Advisory Invest Baden"]
[BlackTeam "SK Zwettl"]

1.e4 e5 2.Nf3 Nc6 3.Nc3 Nf6 4.d4 exd4 5.Nxd4 Bb4 6.Nxc6 bxc6 7.Bd3 d5 8.exd5
cxd5 9.O-O O-O 10.Bg5 c6 11.Qf3 Bd6 12.Bxf6 Qxf6 13.Qxf6 gxf6 14.Rad1 Be6 15.Ne2
c5 16.Ng3 Rab8 17.b3 Rfd8 18.Bf5

[Event "2. Bundesliga Ost 2008/2009"]
[Site "3-5.10.Bruck,22-23.11.Poechlarn,17-18.1.Wr.Neust,28
[Date "2008.11.22"]
[Round "4"]
[Board "5"]
[White "Janetschek, Karl"]
[Black "Geismann, Bernhard"]
[Result "1-0"]
[WhiteElo "2267"]
[BlackElo "2131"]
[PlyCount "61"]
[EventDate "2008.10.03"]
[EventType "team"]
[EventRounds "11"]
[EventCountry "AUT"]
[WhiteTeam "SK Zwettl"]
[BlackTeam "SK Advisory Invest Baden"]

1.e4 e5 2.Nf3 Nc6 3.Bb5 a6 4.Ba4 Nf6 5.O-O Be7 6.Re1 b5 7.Bb3 d6 8.c3 O-O 9.h3
Na5 10.Bc2 c5 11.d4 Qc7 12.Nbd2 Nc6 13.Nf1 cxd4 14.cxd4 exd4 15.Bf4 Qb6 16.Ng3
Re8 17.Qd2 Be6 18.a3 Rac8 19.Rac1 b4 20.Ba4 bxa3 21.bxa3 d5 22.Rxc6 Rxc6 23.Nxd4
Rc4 24.Nxe6 Rxa4 25.Nxg7 Rd8 26.N7f5 Bc5 27.Bh6 Bxf2+ 28.Kh1 Be3 29.Bxe3 dxe4
30.Bd4 Rdxd4 31.Qh6

[Event "2. Bundesliga Ost 2008/2009"]
[Site "3-5.10.Bruck,22-23.11.Poechlarn,17-18.1.Wr.Neust,28
[Date "2008.11.22"]
[Round "4"]
[Board "6"]
[White "Spalt, Bernhard"]
[Black "Stadler, Peter"]
[Result "0-1"]
[WhiteElo "2049"]
[BlackElo "2186"]
[PlyCount "62"]
[EventDate "2008.10.03"]
[EventType "team"]
[EventRounds "11"]
[EventCountry "AUT"]
[WhiteTeam "SK Advisory Invest Baden"]
[BlackTeam "SK Zwettl"]

1.Nf3 Nf6 2.c4 g6 3.g3 Bg7 4.Bg2 O-O 5.O-O d5 6.cxd5 Nxd5 7.d4 Nb6 8.e4 Nc6 9.d5
Na5 10.Nc3 e6 11.Nd4 c6 12.Nde2 cxd5 13.exd5 exd5 14.Nxd5 Nxd5 15.Qxd5 Be6
16.Qxd8 Rfxd8 17.Bg5 Rd7 18.Nc3 h6 19.Be3 Nc4 20.Ne4 Rc8 21.Rac1 Bxb2 22.Rc2 Bg7
23.Rfc1 b6 24.Bf1 b5 25.a4 a6 26.axb5 axb5 27.Nd2 Bf5 28.Ra2 Rdc7 29.Nxc4 bxc4
30.Bf4 Rc6 31.Bg2 Rb6

[Event "2. Bundesliga Ost 2008/2009"]
[Site "3-5.10.Bruck,22-23.11.Poechlarn,17-18.1.Wr.Neust,28
[Date "2008.11.22"]
[Round "4"]
[Board "1"]
[White "Kleiser, Gregor"]
[Black "Manik, Mikulas"]
[Result "0-1"]
[WhiteElo "2326"]
[BlackElo "2448"]
[PlyCount "96"]
[EventDate "2008.10.03"]
[EventType "team"]
[EventRounds "11"]
[EventCountry "AUT"]
[WhiteTeam "SV Tschaturanga Neubau"]
[BlackTeam "ASVOE Pamhagen"]

1.d4 Nf6 2.Nf3 g6 3.Bf4 Bg7 4.e3 O-O 5.Be2 d6 6.O-O Nc6 7.h3 Qe8 8.Bh2 e5 9.dxe5
dxe5 10.c3 Ne4 11.Nbd2 Nxd2 12.Nxd2 f5 13.e4 Kh8 14.exf5 gxf5 15.f4 e4 16.Nc4
Qe7 17.Kh1 Be6 18.Ne3 Rad8 19.Qc2 Qf7 20.b3 Qf6 21.Rac1 Ne7 22.Bg1 Qh4 23.Kh2
Rd7 24.g3 Qf6 25.Rfd1 Rfd8 26.Rxd7 Rxd7 27.Ng2 Qf8 28.Rd1 Rxd1 29.Qxd1 Nd5 30.c4
Nc3 31.Qc2 Qa3 32.Bh5 Qxa2 33.Qxa2 Nxa2 34.Bxa7 b6 35.Bb8 c6 36.Be8 Nc1 37.Bxc6
Nxb3 38.Ne3 Bd4 39.Nc2 Bc5 40.Bd5 Bxd5 41.cxd5 Kg7 42.g4 fxg4 43.hxg4 b5 44.Kg3
b4 45.Be5+ Kf7 46.f5 Nd2 47.g5 b3 48.Na1 Bd6

[Event "2. Bundesliga Ost 2008/2009"]
[Site "3-5.10.Bruck,22-23.11.Poechlarn,17-18.1.Wr.Neust,28
[Date "2008.11.22"]
[Round "4"]
[Board "2"]
[White "Lipka, Juraj"]
[Black "Ernst, Michael"]
[Result "1-0"]
[WhiteElo "2426"]
[BlackElo "2195"]
[PlyCount "75"]
[EventDate "2008.10.03"]
[EventType "team"]
[EventRounds "11"]
[EventCountry "AUT"]
[WhiteTeam "ASVOE Pamhagen"]
[BlackTeam "SV Tschaturanga Neubau"]

1.Nf3 Nf6 2.c4 g6 3.g3 Bg7 4.Bg2 O-O 5.O-O c6 6.d4 d5 7.cxd5 cxd5 8.Ne5 Ng4 9.f4
Nxe5 10.fxe5 f6 11.exf6 Rxf6 12.Rxf6 Bxf6 13.Nc3 e6 14.e3 Nc6 15.Qd3 Bd7 16.Bd2
Qe7 17.Ne2 Qd6 18.a3 a6 19.Rf1 Bg7 20.Nf4 Re8 21.Qb3 b5 22.Rc1 Kh8 23.Nd3 Rb8
24.Qc2 Rc8 25.b4 Ne7 26.Nc5 e5 27.dxe5 Bxe5 28.Bc3 Nf5 29.Qb2 Bxc3 30.Qxc3+ Kg8
31.Rd1 Be6 32.e4 Ne7 33.exd5 Bg4 34.Re1 a5 35.h3 axb4 36.axb4 Bf5 37.g4 Bd7
38.Qe5

[Event "2. Bundesliga Ost 2008/2009"]
[Site "3-5.10.Bruck,22-23.11.Poechlarn,17-18.1.Wr.Neust,28
[Date "2008.11.22"]
[Round "4"]
[Board "3"]
[White "Zoernpfenning, Siegfried"]
[Black "Alvir, Aco"]
[Result "1/2-1/2"]
[WhiteElo "2115"]
[BlackElo "2386"]
[PlyCount "87"]
[EventDate "2008.10.03"]
[EventType "team"]
[EventRounds "11"]
[EventCountry "AUT"]
[WhiteTeam "SV Tschaturanga Neubau"]
[BlackTeam "ASVOE Pamhagen"]

1.e4 g6 2.d4 Bg7 3.Nc3 c5 4.dxc5 Bxc3+ 5.bxc3 Qa5 6.Qd4 Nf6 7.Bd2 O-O 8.Bd3 Nc6
9.Qe3 Ng4 10.Qg3 Nge5 11.Ne2 Qxc5 12.h4 d5 13.exd5 Qxd5 14.Nf4 Nxd3+ 15.cxd3
Qe5+ 16.Kf1 Qf5 17.Re1 Rd8 18.c4 e5 19.Nd5 Be6 20.Bg5 Bxd5 21.Bxd8 Bxc4 22.dxc4
Rxd8 23.h5 Rd3 24.f3 g5 25.h6 f6 26.Qf2 Nd4 27.Rh3 Qc8 28.Rc1 Qc5 29.f4 Rxh3
30.gxh3 Qa3 31.Rd1 Qxh3+ 32.Ke1 Qc3+ 33.Kf1 Qxc4+ 34.Kg1 Qe6 35.Qg2 Kf7 36.fxg5
fxg5 37.Qe4 Qxh6 38.Qxb7+ Kg6 39.Qe4+ Kf6 40.Re1 Qh4 41.Qxe5+ Kg6 42.Qe8+ Kh6
43.Qf8+ Kg6 44.Qe8+

[Event "2. Bundesliga Ost 2008/2009"]
[Site "3-5.10.Bruck,22-23.11.Poechlarn,17-18.1.Wr.Neust,28
[Date "2008.11.22"]
[Round "4"]
[Board "4"]
[White "Franzen, Jozef"]
[Black "Srienz, Christian"]
[Result "0-1"]
[WhiteElo "2318"]
[BlackElo "2232"]
[PlyCount "77"]
[EventDate "2008.10.03"]
[EventType "team"]
[EventRounds "11"]
[EventCountry "AUT"]
[WhiteTeam "ASVOE Pamhagen"]
[BlackTeam "SV Tschaturanga Neubau"]

1.e4 e6 2.d3 c5 3.Nf3 Nc6 4.Nbd2 d5 5.g3 Bd6 6.Bg2 Nge7 7.O-O O-O 8.Re1 Bd7
9.Nf1 d4 10.h4 f6 11.h5 Qc7 12.N1h2 Rae8 13.Bd2 b5 14.Qe2 e5 15.Nh4 Nb4 16.Rec1
c4 17.Bf3 c3 18.bxc3 dxc3 19.Be3 Nbc6 20.Bg4 f5 21.Nxf5 Nxf5 22.Bxf5 Bxf5
23.exf5 Rxf5 24.Nf3 Qf7 25.Ng5 Rxg5 26.Bxg5 Nd4 27.Qe3 Bc5 28.Kg2 Ne6 29.Qf3
Qxf3+ 30.Kxf3 Nxg5+ 31.Kg4 Ne6 32.a4 b4 33.Re1 Nd4 34.Rac1 Kf7 35.f4 exf4
36.Rxe8 Kxe8 37.gxf4 b3 38.cxb3 c2 39.Ra1

[Event "2. Bundesliga Ost 2008/2009"]
[Site "3-5.10.Bruck,22-23.11.Poechlarn,17-18.1.Wr.Neust,28
[Date "2008.11.22"]
[Round "4"]
[Board "5"]
[White "Ponjican, Erich"]
[Black "Vitouch, Anatol"]
[Result "1/2-1/2"]
[WhiteElo "2175"]
[BlackElo "2230"]
[PlyCount "28"]
[EventDate "2008.10.03"]
[EventType "team"]
[EventRounds "11"]
[EventCountry "AUT"]
[WhiteTeam "SV Tschaturanga Neubau"]
[BlackTeam "ASVOE Pamhagen"]

1.e4 Nc6 2.d4 d5 3.e5 Bf5 4.Nf3 e6 5.c3 Qd7 6.Be2 f6 7.O-O Nge7 8.exf6 gxf6
9.Nh4 O-O-O 10.Re1 Rg8 11.Nd2 Bh3 12.Kh1 Nf5 13.Ndf3 Nxh4 14.Nxh4 e5

[Event "2. Bundesliga Ost 2008/2009"]
[Site "3-5.10.Bruck,22-23.11.Poechlarn,17-18.1.Wr.Neust,28
[Date "2008.11.22"]
[Round "4"]
[Board "6"]
[White "Kuthan, Andreas"]
[Black "Petschar, Hans"]
[Result "1/2-1/2"]
[WhiteElo "2201"]
[BlackElo "2075"]
[PlyCount "34"]
[EventDate "2008.10.03"]
[EventType "team"]
[EventRounds "11"]
[EventCountry "AUT"]
[WhiteTeam "ASVOE Pamhagen"]
[BlackTeam "SV Tschaturanga Neubau"]

1.d4 Nf6 2.c4 c5 3.Nf3 cxd4 4.Nxd4 e5 5.Nc2 d5 6.cxd5 Qxd5 7.Qxd5 Nxd5 8.e4 Nc7
9.Nc3 Nc6 10.Bc4 Be6 11.Bxe6 Nxe6 12.Be3 O-O-O 13.Nd5 Kb8 14.Ke2 Ncd4+ 15.Nxd4
exd4 16.Bd2 f5 17.exf5 d3+

[Event "2. Bundesliga Ost 2008/2009"]
[Site "3-5.10.Bruck,22-23.11.Poechlarn,17-18.1.Wr.Neust,28
[Date "2008.11.22"]
[Round "4"]
[Board "1"]
[White "Videki, Sandor"]
[Black "Pacher, Milan"]
[Result "1-0"]
[WhiteElo "2428"]
[BlackElo "2357"]
[PlyCount "61"]
[EventDate "2008.10.03"]
[EventType "team"]
[EventRounds "11"]
[EventCountry "AUT"]
[WhiteTeam "Spg Data Technlogy Eichgraben/P."]
[BlackTeam "Austria Wien"]

1.c4 e5 2.Nc3 Nf6 3.Nf3 Nc6 4.g3 Bb4 5.Nd5 Bc5 6.Bg2 d6 7.O-O O-O 8.e3 a6 9.d3
Nxd5 10.cxd5 Ne7 11.d4 exd4 12.Nxd4 Re8 13.b3 Ng6 14.Bb2 Ne5 15.h3 Qf6 16.f4 Nd7
17.Qf3 Qg6 18.e4 Nf6 19.Rae1 c6 20.dxc6 bxc6 21.Kh2 a5 22.e5 dxe5 23.fxe5 Nd5
24.Nxc6 Be6 25.Rc1 Bb6 26.Rfd1 Nc7 27.Ba3 Kh8 28.Ne7 Qg5 29.h4 Qh6 30.Rc6 Nb5
31.Bc1